Účel voleb v demokracii (Mohou volby přinést výraznou politickou změnu v demokratické společnosti?)

Význam volieb v histórii spoločnosti. Charakteristika volieb podľa sociologického slovníka. Funkcie volieb. Základné metódy politikov, ako ovplyvniť výsledok volieb. Hodnotenie príčin neúspechu. Názory občanov na účelnosť volieb.

Guardado en:
Detalles Bibliográficos
Autor principal: Škaloud, Jan
Formato: Capítulo de libro
Lenguaje:checo
Materias:
Etiquetas: Agregar Etiqueta
Sin Etiquetas, Sea el primero en etiquetar este registro!

MARC

LEADER 00000naa a2200000 4500
001 r047208
005 20231003115309.4
041 0 |a cze 
044 |a CZ 
245 1 0 |a Účel voleb v demokracii  |b (Mohou volby přinést výraznou politickou změnu v demokratické společnosti?)  |c Jan Škaloud 
520 |a Význam volieb v histórii spoločnosti. Charakteristika volieb podľa sociologického slovníka. Funkcie volieb. Základné metódy politikov, ako ovplyvniť výsledok volieb. Hodnotenie príčin neúspechu. Názory občanov na účelnosť volieb. 
610 2 0 |a voľby 
610 2 0 |a pojmy 
610 2 0 |a história 
610 2 0 |a strany politické 
610 2 0 |a demokracia 
100 1 |a Škaloud, Jan